ნორმალური ფორმატი
MARC ფორმატი
ჩანაწერი Personal Name
ჩანაწერთა რაოდენობა, რომელიც გამოყენებულია: 2
001 - CONTROL NUMBER
- control field: 7112
003 - CONTROL NUMBER IDENTIFIER
- control field: GE_BSU
005 - DATE AND TIME OF LATEST TRANSACTION
- control field: 20200217151919.0
008 - FIXED-LENGTH DATA ELEMENTS
- fixed length control field: 200217|| aca||aabn | a|a d
040 ## - CATALOGING SOURCE
- Original cataloging agency: GE_BSU
- Transcribing agency: GE_BSU
100 ## - HEADING--PERSONAL NAME
- Personal name: Lichtman, Andrew H.
670 ## - SOURCE DATA FOUND
- Source citation: Work cat.: (GE_BSU)50408: Abbas, Abul K. 7106, Basic immunology :, c2006.
